Loading...

Dynamics of rifting along the southwest continental margin of india through coherence and process oriented analysis of gravity data

Bibliographic Details
Main Author: Sheena V. Dev
Language:English
Published: Kochi-16 Cochin University of Science and Technology June, 2007
LEADER 00426nam a22001097a 4500
005 20151028162640.0
008 111216t xxu||||| |||| 00| 0 eng d
100 |a Sheena V. Dev  |9 30869 
245 |a Dynamics of rifting along the southwest continental margin of india through coherence and process oriented analysis of gravity data 
942 |c TH  |6 _ 
260 |a Kochi-16  |b Cochin University of Science and Technology  |c June, 2007 
999 |c 83212  |d 83212